| 000 | 00497nam a2200205 a 4500 | ||
|---|---|---|---|
| 001 | BRCA_6128 | ||
| 005 | 20190320205337.0 | ||
| 008 | 040711s1915----gw-#######---#000-0#ger-# | ||
| 041 | _ager | ||
| 044 | _agw | ||
| 050 | 4 |
_aML410 _b.W11 1915 |
|
| 100 | 1 |
_aWagner, Richard. _915460 |
|
| 245 | 1 | 0 | _aTagebuchblätter und Briefe. |
| 260 |
_aLeipzig _bHesse and Beder _c1915 |
||
| 300 |
_a459 p. _c17 cm. |
||
| 500 | _aI33 | ||
| 651 | 4 |
_aLiteratura Alemana _915461 |
|
| 902 | _aGFM | ||
| 942 |
_2lcc _cB |
||
| 999 |
_c5815 _d5815 |
||